Capitales ayant changé - mort subite - Statistiques

Statistiques générales
  • Ce quiz a été pris 221 fois
  • Le résultat moyen est 4 sur 11
Answers on the Grid
Answers color-coded by a green-red scale on the quiz's grid according to % correct below.
Abidjan
Abuja
Akmoula
Almaty
Astana
Berlin
Bonn
Brasilia
Bujumbura
Colombo
Dar es Salaam
Dodoma
Gitega
Islamabad
Jakarta
Karachi
Lagos
Naypyidaw
Nour-Soultan
Nusantara
Rangoon
Rawalpini
Rio de Janeiro
Sri Jayawardenapura Kotte
Yamoussoukro
 
Statistiques - réponses
Réponse % Correct
Allemagne depuis 1991 Berlin
63%
Brésil depuis 1960 Brasilia
62%
Nigeria depuis 1991 Abuja
51%
Pakistan depuis 1960 Islamabad
40%
Kazakhstan de 98 à 2019 puis depuis 2022 Astana
33%
Tanzanie depuis 1973 Dodoma
32%
Sri Lanka depuis 1980 Sri Jayawardenapura Kotte
25%
Burundi depuis 2018 Gitega
24%
Côte d'Ivoire depuis 1983 Yamoussoukro
24%
Birmanie depuis 2015 Naypyidaw
20%
Indonésie depuis 2024 Nusantara
7%
Aucun quiz correspondant
Distribution des résultats
% des personnes avec chaque résultat
Percentile par nombre de réponses
Votre historique - résultats
Vous n’avez pas pris ce quiz